[Event "POL-chT3 Pomorskie"]
[Site "Poland"]
[Date "2007.05.13"]
[Round "?"]
[White "Michnikiewicz, Slawomir"]
[Black "Krzywkowski, Marcin"]
[Result "1/2-1/2"]
[WhiteElo "2000"]
[BlackElo "1861"]
[PlyCount "87"]
[EventDate "2007.03.25"]
[EventType "team-tourn"]
[EventRounds "10"]
[EventCountry "POL"]
[SourceTitle "EXT 2019"]
[Source "ChessBase"]
[SourceDate "2018.10.10"]
[SourceVersion "1"]
[SourceVersionDate "2018.10.10"]
[SourceQuality "1"]

1. e4 c5 2. Nf3 d6 3. Bb5+ Nd7 4. 0-0 a6 5. Bxd7+ Bxd7 6. c4 Nf6 7. Nc3 b5 8. d3 g6 9. e5 dxe5 10. Nxe5 Bf5 11. Qf3 bxc4 12. dxc4 Rc8 13. Re1 Bg7 14. Bg5 0-0 15. Nc6 Bg4 16. Nxe7+ Qxe7 17. Rxe7 Bxf3 18. gxf3 Nh5 19. Nd5 Bxb2 20. Rb1 Bd4 21. Ra7 Rb8 22. Rxb8 Rxb8 23. Rxa6 Rb1+ 24. Kg2 Rb2 25. Nf6+ Nxf6 26. Bxf6 Bxf6 27. Rxf6 Rc2 28. Rc6 Rxc4 29. a4 Rxa4 30. Rxc5 Kg7 31. Rb5 h6 32. Kg3 g5 33. Rc5 Kg6 34. Rc6+ f6 35. h3 Rf4 36. Rb6 Rd4 37. Ra6 h5 38. Kg2 Kf5 39. Rb6 Ke5 40. Ra6 Rd6 41. Ra4 Rd4 42. Ra6 f5 43. Ra5+ Kf4 44. Rb5 1/2-1/2